[Event "Coronel Oviedo Friedmann Cup"]
[Site "Coronel Oviedo"]
[Date "2023.07.15"]
[Round "2"]
[White "Gonzalez, Augusto"]
[Black "Panaite, Adrian Maximilian"]
[Result "1-0"]
[WhiteElo "1811"]
[BlackElo "1478"]
[PlyCount "87"]
[EventDate "2023.07.14"]
[EventType "swiss"]
[EventRounds "7"]
[EventCountry "PAR"]
[SourceTitle "EXT 2024"]
[Source "ChessBase"]
[SourceDate "2023.10.10"]
[SourceVersion "1"]
[SourceVersionDate "2023.10.10"]
[SourceQuality "1"]

1. d4 d6 2. Nf3 Nf6 3. c4 h6 4. Nc3 Nbd7 5. e4 e5 6. Be2 c6 7. h3 Qc7 8. Be3 Be7 9. Qd2 Nf8 10. 0-0-0 g5 11. h4 g4 12. Ne1 h5 13. f4 gxf3 14. gxf3 Ng6 15. Ng2 b6 16. Kb1 a6 17. Rc1 Qb7 18. Bg1 Rg8 19. Bh2 exd4 20. Qxd4 Bh3 21. Nf4 Nxf4 22. Bxf4 Be6 23. Bg5 c5 24. Qd2 Nd7 25. Bxe7 Kxe7 26. Rcd1 Qb8 27. f4 f5 28. exf5 Bxf5+ 29. Bd3 Bg4 30. Rde1+ Kd8 31. Be4 Ra7 32. Bd5 Rf8 33. Be6 Nf6 34. Bxg4 Nxg4 35. Re6 d5 36. Nxd5 Rd7 37. Qe2 Rxd5 38. cxd5 Qxf4 39. Qxa6 Qf5+ 40. Ka1 Qxd5 41. Qxb6+ Kd7 42. Rhe1 Ra8 43. Re7+ Kc8 44. Qc7# 1-0

[Event "Villarrica op 2nd"]
[Site "Villarrica"]
[Date "2022.02.13"]
[Round "7"]
[White "Panaite, Adrian Maximilian"]
[Black "Nunez, Pablo"]
[Result "1-0"]
[WhiteElo "1552"]
[BlackElo "1434"]
[PlyCount "47"]
[EventDate "2022.02.11"]
[EventType "swiss"]
[EventRounds "7"]
[EventCountry "PAR"]
[SourceTitle "EXT 2023"]
[Source "ChessBase"]
[SourceDate "2022.10.05"]
[SourceVersion "1"]
[SourceVersionDate "2022.10.05"]
[SourceQuality "1"]

1. b3 c5 2. Bb2 Nc6 3. e3 e6 4. Nf3 Nf6 5. d4 d5 6. Bb5 Qa5+ 7. Nc3 Ne4 8. Bxc6+ bxc6 9. 0-0 Nxc3 10. Qd2 cxd4 11. Nxd4 Bd7 12. Bxc3 Qc7 13. Nf3 f6 14. Rfe1 Bd6 15. e4 0-0 16. e5 fxe5 17. Bxe5 Rxf3 18. Bxd6 Qxd6 19. gxf3 e5 20. Qg5 Re8 21. Kh1 Re6 22. Rg1 Qf8 23. Rg3 Qf4 24. Qxg7# 1-0

[Event "Villarrica op 2nd"]
[Site "Villarrica"]
[Date "2022.02.12"]
[Round "4"]
[White "Frutos Moreno, Carlos Manuel"]
[Black "Panaite, Adrian Maximilian"]
[Result "1/2-1/2"]
[WhiteElo "1440"]
[BlackElo "1552"]
[PlyCount "90"]
[EventDate "2022.02.11"]
[EventType "swiss"]
[EventRounds "7"]
[EventCountry "PAR"]
[SourceTitle "EXT 2023"]
[Source "ChessBase"]
[SourceDate "2022.10.05"]
[SourceVersion "1"]
[SourceVersionDate "2022.10.05"]
[SourceQuality "1"]

1. e4 e6 2. d4 d5 3. Nd2 Nf6 4. e5 Nfd7 5. Bd3 c5 6. c3 Qb6 7. Ngf3 Nc6 8. Qa4 a6 9. Nf1 Qc7 10. Ng3 c4 11. Bb1 b5 12. Qd1 Qa5 13. Ng5 Be7 14. Nxh7 Nf8 15. Nxf8 Rxf8 16. 0-0 Bd7 17. Qg4 g6 18. Bc2 0-0-0 19. Qf3 Kb7 20. a4 b4 21. Ne2 b3 22. Bd1 Rc8 23. Nf4 Qd8 24. Qg3 Rh8 25. Nh3 Qf8 26. Bg5 Qg7 27. Bxe7 Nxe7 28. Bg4 a5 29. Ng5 Rh6 30. Qf4 Nf5 31. Bxf5 gxf5 32. Qg3 Rg6 33. f4 Rh8 34. Kf2 Kb6 35. h3 Qg8 36. Ke2 Qe8 37. Kd2 Bxa4 38. Qe3 Bc6 39. Rf2 Qe7 40. Rg1 a4 41. Ra1 Ra8 42. Ra3 Kc7 43. Rf1 Rb8 44. Rfa1 Bd7 45. Rg1 Ra8 1/2-1/2

[Event "Villarrica op 1st"]
[Site "Villarrica"]
[Date "2021.02.27"]
[Round "2"]
[White "Panaite, Adrian Maximilian"]
[Black "Melian, Juan Sebastian"]
[Result "0-1"]
[WhiteElo "1552"]
[BlackElo "1950"]
[PlyCount "128"]
[EventDate "2021.02.27"]
[EventType "swiss"]
[EventRounds "7"]
[EventCountry "PAR"]
[SourceTitle "EXT 2022"]
[Source "ChessBase"]
[SourceDate "2021.10.06"]
[SourceVersion "1"]
[SourceVersionDate "2021.10.06"]
[SourceQuality "1"]

1. b3 Nf6 2. Bb2 d5 3. e3 g6 4. Bxf6 exf6 5. c4 Be6 6. Nc3 Bg7 7. Rc1 c6 8. d4 0-0 9. cxd5 Bxd5 10. Nxd5 Qxd5 11. Rc5 Qd6 12. Nf3 Nd7 13. Rc2 f5 14. Be2 Rfe8 15. 0-0 f4 16. exf4 Qxf4 17. d5 Nb8 18. dxc6 Nxc6 19. Bb5 Red8 20. Qc1 Qxc1 21. Rfxc1 Nd4 22. Nxd4 Bxd4 23. Rc7 Bb6 24. Rxb7 Rd2 25. Rf1 Rd6 26. Bc4 Rf6 27. Rd7 Re8 28. Rdd1 Re5 29. a4 h5 30. g3 h4 31. Kg2 g5 32. f4 gxf4 33. Rxf4 Rxf4 34. gxf4 Re3 35. Rd3 h3+ 36. Kf1 Re4 37. Rxh3 Rxf4+ 38. Ke2 Rf2+ 39. Kd3 Kf8 40. Ke4 f5+ 41. Kd5 Ke7 42. Kc6 f4 43. Kb5 Kf6 44. a5 Be3 45. Kc6 Ke5 46. a6 Rg2 47. Rh5+ Kd4 48. Rd5+ Ke4 49. h4 f3 50. h5 f2 51. Bd3+ Kf3 52. Rf5+ Bf4 53. h6 Rh2 54. h7 Rxh7 55. b4 Kg4 56. Rf8 Rc7+ 57. Kb5 Kf3 58. Ka5 Rd7 59. Bc4 Rd4 60. Bf1 Rd1 61. Bc4 Rc1 62. Bd3 Ke3 63. b5 Ra1+ 64. Kb4 Bd6+ 0-1